Astro Bot - Guest Characters - Statistics

General Stats
  • This quiz has been taken 74 times
    52 since last reset
  • The average score is 45 of 190
Answer Stats
Bot Name Origin Character % Correct
Dad of Boy God of War Kratos
88%
Tooled-Up Mechanic Ratchet & Clank Ratchet
77%
Aerial Ape | Cheeky Ape | Crazy Ape | +7 others Ape Escape Ape
69%
Spinning Marsupial Crash Bandicoot Crash Bandicoot
69%
Raider Dude Uncharted Nathan Drake
69%
Youthful Protector Marvel's Spider-Man: Miles Morales Spider-Man (Miles Morales)
69%
Neighborhood Hero Marvel's Spider-Man Spider-Man (Peter Parker)
69%
Fiery Artisan Spyro the Dragon Spyro the Dragon
69%
Immune Survivor The Last of Us Ellie
65%
Eco Warrior Jak and Daxter Jak
65%
Ring-Tailed Thief Sly Cooper Sly Cooper
65%
Clumsy Bean Fall Guys Fall Guy
62%
Dependable Smuggler The Last of Us Joel Miller
62%
Assured Rival Street Fighter Ken
62%
Lovestruck Lyricist PaRappa the Rapper PaRappa Rappa
62%
Limbless Legend Rayman Rayman
62%
Knitted Kid LittleBigPlanet Sackboy
62%
Legendary Mercenary Metal Gear Solid Snake
62%
Gravity Shifter Gravity Rush Kat
58%
Fantom Thief Persona 5 Joker
54%
Disciplined Warrior Street Fighter Ryu
54%
Thunder God God of War Thor
54%
Machine Hunter Horizon Aloy
50%
Boy God of War Atreus
50%
Gobbo Defender Croc Croc
50%
Rookie Cop Resident Evil Leon Kennedy
50%
Secret Octopus Octodad Octodad
50%
Square-Eyed Gecko Gex Gex
46%
Horned Protector Ico Ico
46%
Aristocratic Archaeologist Tomb Raider Lara Croft
46%
Multiversal Rebel Ratchet & Clank Rivet
46%
Lyrical Master PaRappa the Rapper Chop Chop Master Onion
42%
Restorative Flora Flower Flower
42%
Living Relic Knack Knack
42%
Pro Skater Tony Hawk's Pro Skater Tony Hawk
42%
Wriggly Warmonger Worms Worm
42%
Dandy Dhampir Castlevania: Symphony of the Night Alucard
38%
Alpha Male Resident Evil Chris Redfield
38%
Son of Sparda Devil May Cry Dante
38%
Galactic Peacekeeper | Super Earth Ambassador | Super Earth Diplomat | Super Earth Envoy Helldivers II Helldiver
38%
Vamp Champ Legacy of Kain Kain
38%
Curious Kitty Stray Outsider
38%
Psychic Menace Metal Gear Psycho Mantis
38%
Impractical Butcher Silent Hill Pyramid Head
38%
Monkey Stalker Ape Escape Spike
38%
False Ancestor Uncharted Francis Drake
35%
Cold-Blooded Oppressor Tekken Kazuya
35%
Watermelon Buster Metal Gear Raiden
35%
Prodigal Brother Uncharted Sam Drake
35%
Mudokon Liberator Oddworld Abe
31%
Fragile Night Ghosts 'n Goblins Arthur
31%
Quiz Master Buzz! Buzz
31%
Alpha Female Resident Evil Jill Valentine
31%
Spirit Guide Kena: Bridge of Spirits Kena
31%
Dream Traveler Klonoa Klonoa
31%
Smartest Man Alive God of War Mimir
31%
Vampire Killer Castlevania: Symphony of the Night Richter Belmont
31%
Wandering Tresspasser Shadow of the Colossus Wander
31%
Suave Traitor Resident Evil Albert Wesker
27%
Celestial Painter Okami Amaterasu
27%
Motorcycle Enthusiast Resident Evil Claire Redfield
27%
Deviant Hunter Detroit: Become Human Connor (RK800)
27%
Mystery Ninja Metal Gear Gray Fox
27%
Vengeful Spirit Ghost of Tsushima Jin Sakai
27%
Tattooed Dragon Like a Dragon Kazuma Kiryu
27%
Robotic Sucker Mister Mosquito Mister Mosquito
27%
Adorable Shadow Persona 4 Teddie
27%
Mustachioed Mentor Uncharted Victor Sullivan
27%
Dwarven Blacksmith God of War Brok
23%
Legendary Soldier Metal Gear Naked Snake
23%
Dwarven Artisan God of War Sindri
23%
Gear Stalker Guilty Gear Sol Badguy
23%
Yharnam Tourist Bloodborne The Hunter
23%
Protective Android Persona 3 Aegis
19%
Trusty Steed Shadow of the Colossus Agro
19%
Guardian of Mankind Arc the Lad Arc
19%
Tenacious Reporter Uncharted Elena Fisher
19%
Valkyrie Queen God of War Freya
19%
Shredding Sheep PaRappa the Rapper Lammy
19%
Eternal Knight MediEvil Sir Daniel Fortesque
19%
Royal Roller Katamari The Prince
19%
Wild Child Tomba Tomba
19%
Electric Vigilante Infamous Cole MacGrath
15%
No-Nonsense Merc Uncharted Nadine Ross
15%
Forgotten Mascot PlayStation All-Stars Battle Royale Polygon Man
15%
Beast Tamer The Last Guardian The Boy
15%
Thunder Goddess God of War Thrud
15%
Ribbon Rider Vib-Ribbon Vibri
15%
Looting Virtuoso Uncharted Chloe Frazer
12%
Brave Biker Days Gone Deacon St. John
12%
Mudokon Follower | Mudokon Minion Oddworld Mudokon
12%
Defender of Hekseville Gravity Rush Raven
12%
Star Striker World Tour Soccer Soccer Player
12%
Albino Antagonist Ape Escape Spector
12%
Dream Walker Alundra Alundra
8%
Ironwood Jotunn God of War Angrboda
8%
Home Run Hero MLB The Show Batter
8%
Dragon Knight The Legend of Dragoon Dart
8%
Pro Driver Gran Turismo Driver
8%
Nightmare Guardian Bloodborne Lady Maria
8%
Reliable Narrator Dark Cloud 2 Max
8%
Slumbering Girl Shadow of the Colossus Mono
8%
Cat-Like Companion Monster Hunter Palico
8%
Resurrected Wraith Legacy of Kain Raziel
8%
Leaping Lapin Jumping Flash! Robbit
8%
Fungus Head The Last of Us Runner
8%
Patriotic Porter Death Stranding Sam Bridges
8%
Groovy Reporter Space Channel 5 Ulala
8%
Elfin Prisoner Ico Yorda
8%
Neon Avenger Infamous Abigail Walker
4%
Magical Graffitist Concrete Genie Ash
4%
Young Holidaymaker Boku no Natsuyasumi Boku
4%
Exalted Exo Destiny Cayde-6
4%
Roguish Conduit Infamous Delsin Rowe
4%
Ponytailed Protector Stellar Blade Eve
4%
Grass Guzzler Horzion Grazer
4%
Tribal Flagbearer Patapon Hatapon
4%
Creative Cursor Dreams Imp
4%
Puzzle Cube I.Q.: Intelligent Qube Intelligent Qube
4%
Galactic Pirate Rogue Galaxy Jaster Rogue
4%
Streetwise Cat Doko Demo Issyo Kuro
4%
Holy Knight Guilty Gear Ky Kiske
4%
Aerial Ace Air Combat Phoenix
4%
Masterless Samurai Rise of the Ronin Protagonist
4%
Paternal Outcast Horizon Rost
4%
Demon Swordsman Onimusha Samanosuke Akechi
4%
Shiba Inufluencer Humanity Shiba Inu
4%
Cherished Wanderer Horizon Sylens
4%
First Star Suikoden The Hero
4%
Barrel Muncher The Last Guardian Trico
4%
Security Scouter Horzion Watcher
4%
Anti-Grav Ace Wipeout AG Systems Pilot
0%
Pup Pal Tokyo Jungle AIBO 2000
0%
Pup Pal+ Tokyo Jungle AIBO ERC-003
0%
Nova Stormer Wipeout Auricom Pilot
0%
Board Member Cool Boarders Barrett Christy
0%
Unpredictable Blob LocoRoco Budzi
0%
Malleable Motorist Motor Toon Grand Prix Captain Rock
0%
Speedy Blob LocoRoco Chavez
0%
Defender Ship Defender Defender Starfighter
0%
Loyal Oseram Horizon Erend
0%
Future Racer Wipeout FEISAR Pilot
0%
Amateur Vocalist Singstar Female Avatar
0%
Wormhole Survivor Farpoint Grant Moon
0%
Confused Mutant | Independent Mutant | Militant Mutant Killzone Helghast Trooper
0%
Papercraft Postie Tearaway Iota
0%
Gifted Soul Beyond: Two Souls Jodie Holmes
0%
Energetic Blob LocoRoco Kulche
0%
Pure-Hearted Puppet Puppeteer Kutaro
0%
Dice Tumbler Devil Dice Little Devil
0%
Spirited Crooner Singstar Male Avatar
0%
Pro Golfer Everybody's Golf Mary
0%
Heavenly Warrior Heavenly Sword Nariko
0%
Exuberant Blob LocoRoco Pekerone
0%
Prototype Pilot Wipeout Piranha Plant
0%
Urban Survivor Tokyo Jungle Pomeranian
0%
Speed Freak Wipeout Qirex Pilot
0%
Intrepid Rodent Moss Quill
0%
Racing Model Ridge Racer Reiko Nagase
0%
Dream Chaser Wild Arms Rudy Roughknight
0%
Stranded Scout Returnal Selene Vassos
0%
Creepy Sightjacker Siren Shibito
0%
Classical Conductor Mad Maestro! Takt
0%
Unlucky Salaryman Incredible Crisis Taneo Tanamatsuri
0%
Prodigious Chef Ore no Ryouri The Chef
0%
Rhythmic Hacker Rez The Hacker
0%
Nexus Dweller Demons Souls The Maiden in Black
0%
Archstone Explorer Demons Souls The Slayer of Demons
0%
Desert Wanderer Journey The Traveler
0%
Aspirational Cat Doko Demo Issyo Toro Inoue
0%
Voracious Blob LocoRoco Tupley
0%
Stylish Blob LocoRoco Viole
0%
Western Warrior Nioh William
0%
Tribal Warrior Patapon Yaripon
0%
Tribal Archer Patapon Yumipon
0%
No matching quizzes found
Score Distribution
Percent of People with Each Score
Percentile by Number Answered
Your Score History
You have not taken this quiz since the last reset